[Event "Wiesbaden op 27th"]
[Site "Wiesbaden"]
[Date "2015.08.29"]
[Round "4"]
[White "Kobs, Stephan"]
[Black "Lehmann, Wolfgang"]
[Result "1-0"]
[WhiteElo "1920"]
[BlackElo "1605"]
[PlyCount "129"]
[EventDate "2015.08.27"]
[EventType "swiss"]
[EventRounds "7"]
[EventCountry "GER"]
[SourceTitle "EXT 2016"]
[Source "ChessBase"]
[SourceDate "2015.10.08"]
[SourceVersion "1"]
[SourceVersionDate "2015.10.08"]
[SourceQuality "1"]

1. e4 c6 2. d4 d5 3. exd5 cxd5 4. c4 e6 5. Nc3 Nf6 6. Nf3 Be7 7. cxd5 Nxd5 8. Bc4 Nxc3 9. bxc3 0-0 10. 0-0 Nd7 11. Bd3 b6 12. Be4 Ba6 13. Re1 Rc8 14. Qa4 Nb8 15. Bf4 Bd6 16. Bxd6 Qxd6 17. Rac1 f5 18. Bb1 Bb7 19. Ne5 Qd5 20. f3 Nc6 21. Bd3 Nxe5 22. Rxe5 Qd6 23. Rce1 Bd5 24. Qc2 a5 25. Kh1 Qc6 26. c4 Bxc4 27. Bxc4 Qxc4 28. Qxc4 Rxc4 29. Rxe6 Rxd4 30. Rxb6 Rd2 31. h3 Rfd8 32. Re7 R2d7 33. Rxd7 Rxd7 34. Rb5 g6 35. Rxa5 Rd1+ 36. Kh2 Ra1 37. Kg3 Kg7 38. Kf4 Kh6 39. h4 Re1 40. Re5 Ra1 41. Re2 Kh5 42. Re7 Kh6 43. Re2 Rd1 44. g3 Kh5 45. g4+ fxg4 46. fxg4+ Kh6 47. a4 Rf1+ 48. Ke5 Ra1 49. Re4 Kg7 50. Kd5 Rd1+ 51. Rd4 Rh1 52. g5 h6 53. gxh6+ Kxh6 54. Kc5 Kg7 55. a5 Ra1 56. Kb5 Rb1+ 57. Rb4 Ra1 58. a6 Rf1 59. a7 Rf5+ 60. Ka6 Rf8 61. Rb7+ Kh6 62. Re7 Rf1 63. a8Q Ra1+ 64. Kb7 Rb1+ 65. Kc8 1-0

[Event "Wiesbaden op 27th"]
[Site "Wiesbaden"]
[Date "2015.08.29"]
[Round "5"]
[White "Van Boemmel, Philipp"]
[Black "Kobs, Stephan"]
[Result "0-1"]
[WhiteElo "1714"]
[BlackElo "1920"]
[PlyCount "34"]
[EventDate "2015.08.27"]
[EventType "swiss"]
[EventRounds "7"]
[EventCountry "GER"]
[SourceTitle "EXT 2016"]
[Source "ChessBase"]
[SourceDate "2015.10.08"]
[SourceVersion "1"]
[SourceVersionDate "2015.10.08"]
[SourceQuality "1"]

1. f4 Nf6 2. Nf3 g6 3. g3 Bg7 4. Bg2 0-0 5. 0-0 d5 6. d3 c6 7. Qe1 Nbd7 8. c3 Qc7 9. e4 dxe4 10. dxe4 e5 11. Kh1 b6 12. Qe2 a5 13. Na3 Ba6 14. c4 Rae8 15. Re1 Bb7 16. Nh4 Nc5 17. f5 Ncxe4 0-1

[Event "Wiesbaden op 27th"]
[Site "Wiesbaden"]
[Date "2015.08.28"]
[Round "3"]
[White "Buese, Ralf"]
[Black "Kobs, Stephan"]
[Result "1-0"]
[WhiteElo "1723"]
[BlackElo "1920"]
[PlyCount "47"]
[EventDate "2015.08.27"]
[EventType "swiss"]
[EventRounds "7"]
[EventCountry "GER"]
[SourceTitle "EXT 2016"]
[Source "ChessBase"]
[SourceDate "2015.10.08"]
[SourceVersion "1"]
[SourceVersionDate "2015.10.08"]
[SourceQuality "1"]

1. d4 Nf6 2. Bf4 g6 3. e3 Bg7 4. Nf3 0-0 5. h3 c5 6. c3 b6 7. Nbd2 Bb7 8. Be2 d6 9. 0-0 Nc6 10. a4 Re8 11. Nc4 Qc7 12. Qb3 Nd5 13. Bh2 e5 14. Rfd1 cxd4 15. cxd4 Rad8 16. dxe5 dxe5 17. Rac1 Qe7 18. Bf1 e4 19. Nd4 Nxd4 20. exd4 Kh8 21. Ne3 Nxe3 22. fxe3 Bd5 23. Bc4 Bxc4 24. Qxc4 1-0

[Event "Vellmar op 7th"]
[Site "Vellmar"]
[Date "2015.08.08"]
[Round "4"]
[White "Kalkuhl, Thorsten"]
[Black "Kobs, Stephan"]
[Result "0-1"]
[WhiteElo "1731"]
[BlackElo "1920"]
[PlyCount "90"]
[EventDate "2015.08.06"]
[EventType "swiss"]
[EventRounds "7"]
[EventCountry "GER"]
[SourceTitle "CBM 167 Extra"]
[Source "ChessBase"]
[SourceDate "2015.09.14"]
[SourceVersion "1"]
[SourceVersionDate "2015.09.14"]
[SourceQuality "1"]

1. c4 g6 2. g3 Bg7 3. Bg2 d6 4. Nc3 e5 5. e3 Nc6 6. Nge2 Be6 7. d3 Qd7 8. 0-0 Bh3 9. a3 h5 10. Ne4 h4 11. Ng5 Bxg2 12. Kxg2 f6 13. Ne4 hxg3 14. fxg3 Qh3+ 15. Kf2 Qxh2+ 16. Ke1 0-0-0 17. b4 d5 18. Nd2 dxc4 19. Nxc4 e4 20. d4 f5 21. Bb2 b5 22. Na5 Ne5 23. Qc2 Nd3+ 24. Kd2 Qxe2+ 25. Kxe2 Rh2+ 26. Kd1 Nxb2+ 27. Kc1 Nd3+ 28. Kb1 Rxc2 29. Kxc2 Bh6 30. Nc6 Rd5 31. Rh1 Kd7 32. Nxa7 Bxe3 33. Rh7+ Ne7 34. Rah1 Bxd4 35. Nc8 Kxc8 36. Rxe7 Rd7 37. Rhh7 Rxe7 38. Rxe7 Ne5 39. Rg7 Kb7 40. Rg8 Kc6 41. Rd8 Bf2 42. Re8 Bxg3 43. Kd1 Kd7 44. Rb8 c6 45. Rg8 Ke6 0-1